000 01301nam2a2200277 4500
001 rc\3037421
005 20111004181540.7
035 _a(NLR Aleph) 007208536
090 _a13630588
_c13630588
100 _a20111004d1946 |||y0rusy50 ca
101 0 _arus
102 _aRU
105 _ay z |||||
200 1 _aИзвестняк
_fАвторы: К.Х. Тагиров и С.П. Варпаховский
_gРед.: П.М. Татаринов
210 _d1946
215 _a56 с.
_d22 см
320 _a"Литература", с. 55 (21 назв.)
461 0 _1001rc\3037411
_12001#$aТребования промышленности к качеству минерального сырья$e(Справочник для геологов). Вып. 1-$fРед. коллегия: В.С. Веселовский, Н.Н. Зубарев, Г.И. Людоговский и др.$gВсесоюз. науч.-исслед. ин-т минер. сырья "ВИМС"$vВып. 10
700 1 _aТагиров
_bК. Х.
_gКерим Хасанович
701 1 _aВарпаховский
_bС. П.
_f1898-
_gСергей Павлович
702 1 _aТатаринов
_bП. М.
_4340
801 0 _aRU
_bNLR
_gpsbo
801 1 _aRU
_bELAR
_2rusmarc
852 _aNLR
_jГн02 Г-4/85
942 _cBOOK
980 _aNB